The supervisor's big book of lists (Бичлэгийн дугаар. 145876)
| 000 -УДИРДЛАГА | |
|---|---|
| Удирдлага | 00890nam a22002897a 4500 |
| 003 - ХЯНАЛТЫН ТОО ТОДОРХОЙЛОГЧ | |
| Код | MN-UlNUM |
| 005 - БИЧИЛТ ХИЙСЭН ОГНОО | |
| Тухайн бичилтийг бичсэн засварласан сүүлийн огноо | 20251209132933.0 |
| 008 - ЕРӨНХИЙ МЭДЭЭЛЭЛ | |
| Ерөнхий мэдээлэл | 251209s1994 nju f 001 0 eng |
| 020 ## - ISBN | |
| ISBN | 0133368505 |
| -- | 0131227718 |
| 040 ## - БИЧЛЭГ ҮҮСГЭГЧ БАЙГУУЛЛАГА | |
| Бичлэг үүсгэгч номын сангийн код | МУИС-ийн номын сан |
| 084 ## - ББК АНГИЛАЛ | |
| Нэмэлт тусгалт | Нэг сэдэвт бүтээл |
| ББК ангилал | 65.290-2 |
| Зохиогчийн гурван тэмдэгт | F 96 |
| Мэдлэгийн ялгаа | 65 - Эдийн засаг |
| 100 ## - ЗОХИОГЧ | |
| Зохиогчийн нэр | Fuller, George |
| 245 ## - ҮНДСЭН ГАРЧИГ | |
| Номын нэр | The supervisor's big book of lists |
| 260 ## - ГАРАЛТЫН МЭДЭЭ | |
| Хэвлэгдсэн газар | Englewood Cliffs, N.J |
| Хэвлэлийн газар | Prentice Hall |
| Хэвлэгдсэн он | 1994 |
| 300 ## - МАТЕРИАЛЫН ТОДОРХОЙЛОЛТ | |
| хуудасны тоо | xiv, 269 p. ; |
| Хэмжээ | 25 cm |
| 500 ## - Тайлбар | |
| Дансны дугаар | БС 4314 |
| 546 ## - ХЭЛНИЙ ТУХАЙ МЭДЭЭ | |
| Хэл | Англи хэл дээр, |
| 653 ## - Түлхүүр үг | |
| Түлхүүр үг | supervision of employees |
| 653 ## - Түлхүүр үг | |
| Түлхүүр үг | handbooks |
| 740 ## - НОМЫН ГАРЧИГ | |
| Гарчиг | Avoiding the time traps of supervision |
| 740 ## - НОМЫН ГАРЧИГ | |
| Гарчиг | Sharpening your supervisory communication skills |
| 740 ## - НОМЫН ГАРЧИГ | |
| Гарчиг | Strategies to improve individual employee performance |
| 740 ## - НОМЫН ГАРЧИГ | |
| Гарчиг | Tactics to improve your group's productivity |
| 942 ## - ЭЛЕМЕНТИЙН ТӨРӨЛ | |
| Зүйлийн төрөл | Ном |
